Spain UEFA European Championships Players - Statistics

General Stats
  • This quiz has been taken 81 times
    76 since last reset
  • The average score is 50 of 166
Answer Stats
La Roja % Correct
Lamine Yamal
95%
Fernando Torres
86%
Gerard Piqué
86%
Xavi
86%
Andrés Iniesta
85%
Ferran Torres
85%
Nico Williams
85%
Pau Torres
85%
Iker Casillas
83%
Dani Carvajal
82%
Álvaro Morata
80%
Carles Puyol
80%
Sergio Ramos
80%
David Villa
77%
Unai Simón
75%
Pedri
72%
Sergio Busquets
71%
Marc Cucurella
69%
Rodri
69%
Xabi Alonso
69%
Nacho
68%
Jordi Alba
66%
Mikel Oyarzabal
65%
David Raya
63%
Raúl
63%
Aymeric Laporte
62%
Dani Olmo
62%
Antonio Olmo
60%
Jesús Navas
58%
Pedro
58%
David Silva
57%
Robin Le Normand
57%
Fermín López
55%
Fernando Hierro
55%
Cesc Fàbregas
54%
Fabián Ruiz
54%
Joan Capdevila
54%
Mikel Merino
54%
Koke
52%
David de Gea
51%
Eric García
49%
Salvador García
49%
Sergio García
49%
Javi Martínez
48%
Juan Manuel Asensi
48%
Martín Zubimendi
48%
José Reina
46%
Pep Guardiola
46%
Francisco López
45%
Juanma López
45%
Marcelino Martínez
45%
Álex Grimaldo
43%
Álvaro Arbeloa
43%
Fernando Morientes
42%
Luis Suárez
42%
Raúl Albiol
42%
César Azpilicueta
40%
Emilio Butragueño
40%
Gerard Moreno
40%
Juan Mata
40%
Luis Enrique
40%
Ayoze Pérez
38%
Marcos Llorente
38%
Joselu
37%
Marcos Senna
37%
Santi Cazorla
37%
Thiago Alcântara
37%
Juanfran
34%
Míchel Salgado
32%
Santiago Cañizares
32%
Iván Helguera
31%
Daniel Vivian
29%
Lucas Vázquez
29%
Roberto
29%
Álvaro Negredo
28%
Carlos Marchena
28%
Dani Güiza
28%
Joaquín
28%
Manuel Sarabia
28%
Pablo Sarabia
28%
Rafael Martín Vázquez
28%
Sergi
26%
Andoni Zubizarreta
25%
José Gayà
23%
Nolito
23%
Rubén Baraja
22%
Adama Traoré
20%
Aritz Aduriz
20%
David Albelda
20%
Miquel Soler
20%
Vicente
20%
Gaizka Mendieta
18%
Juan Carlos Valerón
18%
Miguel Ángel Nadal
18%
Rubén de la Red
18%
Álex Baena
17%
José Antonio Camacho
17%
Manuel Sanchís
17%
Carlos Santillana
15%
Dani
15%
Fernando Navarro
15%
Santillana
14%
Juanito
12%
Julen Guerrero
12%
Míchel
12%
Raúl Bravo
12%
Abelardo
11%
Fran
11%
Julio Alberto
11%
Pedro Munitis
11%
Vicente del Bosque
11%
Bruno Soriano
9%
Joseba Etxeberria
9%
Alfonso
8%
Amancio
8%
Guillermo Amor
8%
Ismael Urzaiz
8%
José Amavisca
8%
Luis Arconada
8%
Quini
8%
Rafael Gordillo
8%
José Luis Caminero
6%
José Mari Bakero
6%
Lobo Carrasco
6%
Paco
6%
Albert Luque
5%
José Ángel Iribar
5%
José Francisco Molina
5%
Juan Antonio Pizzi
5%
Juan Señor
5%
Julio Salinas
5%
Kiko
5%
Migueli
5%
Víctor Muñoz
5%
Gerard
3%
Javier Manjarín
3%
Jesús María Zamora
3%
Jorge Otero
3%
Rafael Alkorta
3%
Salva
3%
Txiki Begiristain
3%
Agustín Aranzábal
2%
Alberto Belsué
2%
Andoni Goikoetxea
2%
Antonio Maceda
2%
Chus Pereda
2%
Francisco
2%
José Ramón Alexanko
2%
Ricardo Gallego
2%
Santiago Urquiaga
2%
Carlos Lapetra
0%
Cundi
0%
Donato
0%
Enrique Saura
0%
Feliciano Rivilla
0%
Ferran Olivella
0%
Francisco Uría
0%
Genar Andrinúa
0%
Ignacio Zoco
0%
Isacio Calleja
0%
Jesús María Satrústegui
0%
Josep Maria Fusté
0%
Julio Cardeñosa
0%
Miguel Tendillo
0%
Tomás Reñones
0%
Vicente Engonga
0%
No matching quizzes found
Score Distribution
Percent of People with Each Score
Percentile by Number Answered
Your Score History
You have not taken this quiz since the last reset